| 000 | 00375nam a2200145Ia 4500 | ||
|---|---|---|---|
| 008 | 240624s9999 xx 000 0 und d | ||
| 041 | _aeng | ||
| 082 | _a658.155 SCO | ||
| 100 | _aSCOTT MARK C | ||
| 245 | _aACHIEVING FAIR VALUE HOW COMPANIES CAN B | ||
| 250 | _a11 | ||
| 260 |
_c2005 _aEngland _bJohn Wiley and Sons |
||
| 300 | _avi, : 250 : p. : cm. ; 23 | ||
| 365 |
_c _b30 |
||
| 999 |
_c17840 _d17840 |
||